000 01024cam a22001934a 4500
005 20250605164117.0
008 250528s ||||||||||||||||||||||||d
035 _a18110
020 _a77074025
040 _aGR-AtMCL
_bgre
_dGR-AtMCL
_eAACR2
245 1 _aObject-Oriented Software Engineering with C++
260 _bMcgraw Hill Book Company,
_c1991
300 _a232
520 _aThis book describes how object-oriented languages and ideas can be employed throughout the software project, starting at requirements analysis and finishing at acceptance testing. Preface, Introduction, Object-Oriented Programming, An Objected-Oriented Approach to Software Development, Modelling Data, Validating the Data Model, Abstract Data Types, The Basic Facilities of C++, Object-Oriented Programming in C++, Implementing Objects, Specifying Functionality, Putting it All Together, Software Prototyping, The Whole Process, Case Study, Index.
700 1 _aDarrel Ince
_91514
942 _cBK
999 _c3494
_d3494